000 01341cam a22002651i 4500
003 SA-RiAUC
005 20250713141110.0
008 250711s2008 le g 00000 ara c
040 _aSA-JeALM
_bara
_cSA-RiAUC
_erda
082 0 4 _a212
_qSA-RiAUC
090 _a212
_bو ط و
100 1 _aالوطواط، محمد بن إبراهيم بن يحيى الكتبي،
_d632-718 هجري
_eمؤلف.
245 1 0 _aغرر الخصائص الواضحة وعرر النقائص الفاضحة /
_cأبو إسحق جمال الدين محمد بن إبراهيم بن يحيى الكتبي المعروف بالوطواط ؛ تحقيق إبراهيم شمس الدين.
250 _aالطبعة الأولى.
264 1 _aبيروت :
_bدار الكتب العلمية،
_c2008.
300 _a712 صفحة ؛
_c24 سم
336 _aنص
_btxt
_2rdacontent
_3كتاب
337 _aبدون وسيط
_bn
_2rdamedia
338 _aمجلد
_bnc
_2rdacarrier
650 7 _aالأخلاق الإسلامية
_2aucsh
700 1 _aشمس الدين، إبراهيم
_eمحقق.
700 1 2 _iتحقيق لـ (عمل) :
_aالوطواط، محمد بن إبراهيم بن يحيى،
_d632-718 هجري.
_tغرر الخصائص الواضحة وعرر النقائض الفاضحة.
942 _2ddc
_cBOOK
_n0
949 _aSA-JeALM
_d250711
_uosman123
_n1
999 _c9890
_d9890